• 首页
  • 本馆介绍
  • 公告通知
  • 最新文献
  • 馆藏检索
  • 电子资源
  • 读者导购
  • 参考咨询
  • 我的图书馆
  • 登录
  • 详细信息显示
  • 放入我的书架
  • 预约/预借图书
  • 作者相关作品
  • 分类相关作品
  • 丛书相关作品
  • 出版社相关作品

书目信息

  • 表格格式
  • 工作单格式
  • 卡片格式
题名:
铜仁方言与文化研究
    
 
作者: 萧黎明 编著
分册:  
出版信息: 成都   电子科技大学出版社  2013
页数: 390页
开本: 24cm
丛书名:
单 册:
中图分类: H172.3
科图分类:
主题词: 西南官话--方言研究--铜仁 , 西南官话 , 方言研究
电子资源:
ISBN: 978-7-5647-1446-8
000 00827nam0 2200265 450
001 012001004544
005 20140928162349.0
010    @a978-7-5647-1446-8@dCNY75.00
090    @aH17@bxlm
100    @a20140429d2013 em y0chiy50 ea
101 0  @achi
102    @aCN@b510000
105    @ay z 000yy
106    @ar
200 1  @a铜仁方言与文化研究@9tong ren fang yan yu wen hua yan jiu@f萧黎明编著
210    @a成都@c电子科技大学出版社@d2013
215    @a390页@d24cm
330    @a本书共分七章。内容包括导言;铜仁文化对语言的影响;东四县语音;西五县语音;词汇;俗语;语法特点。
606 0  @a西南官话@x方言研究@y铜仁
606 0  @a西南官话
606 0  @a方言研究
690    @aH172.3@v5
701  0 @c(土家)@a萧黎明@9xiao li ming@f(1961~)@4编著
801  0 @aCN@b上海新华@c20180901
905    @b1166422-6@dH172.3@e52@f5
    
    铜仁方言与文化研究/萧黎明编著.-成都:电子科技大学出版社,2013
    390页;24cm
    
    
    ISBN 978-7-5647-1446-8:CNY75.00
    本书共分七章。内容包括导言;铜仁文化对语言的影响;东四县语音;西五县语音;词汇;俗语;语法特点。
●
相关链接 在E读中查询图书 在五车中查询图书 在当当中查询图书 在豆瓣中查询图书


正题名:铜仁方言与文化研究     索取号:H172.3/52         预约/预借

序号 登录号 条形码 馆藏地/架位号 状态 备注
1 1166422   211664224   第二样本阅览室/ [索取号:H172.3/52] 在馆    
2 1166423   211664233   密集书库-文学院/ [索取号:H172.3/52] 在馆    
3 1166424   211664242   第四借阅区/ [索取号:H172.3/52] 在馆    
4 1166425   211664251   第四借阅区/ [索取号:H172.3/52] 在馆    
5 1166426   211664260   第四借阅区/ [索取号:H172.3/52] 在馆    
唐山师范学院图书馆 欢迎您!
大连网信软件有限公司© 版权所有